Statistics for 50 Largest World Cities by GDP

Click here to take the quiz!

General Stats

  • This quiz has been taken 165 times
  • The average score is 44 of 50

Answer Stats

CountryCity% Correct
2United StatesNew York City
99%
1JapanTokyo
99%
9United StatesChicago
98%
5United KingdomLondon
98%
3United StatesLos Angeles
98%
6FranceParis
98%
4South KoreaSeoul
98%
33NetherlandsAmsterdam
97%
11ChinaBeijing
97%
18MexicoMexico City
97%
10RussiaMoscow
97%
8ChinaShanghai
97%
21Singapore (I wonder what it could possibly be?)Singapore
96%
49AustraliaSydney
96%
45BelgiumBrussels
95%
31IndonesiaJakarta
95%
44SpainMadrid
95%
36ItalyMilan
95%
50GermanyMunich
95%
15BrazilSão Paulo
95%
30TaiwanTaipei
95%
41CanadaToronto
95%
24United StatesBoston
94%
17United StatesDallas
94%
26TurkeyIstanbul
94%
25IndiaMumbai
94%
37ThailandBangkok
93%
34ArgentinaBuenos Aires
93%
13United StatesHouston
93%
38IndiaNew Delhi
93%
7JapanOsaka
93%
16China (SAR)Hong Kong
92%
48GermanyFrankfurt
90%
27United StatesPhiladelphia
90%
29United StatesSan Francisco
90%
43United StatesMiami
88%
12GermanyRhine-Ruhr Valley
88%
32NetherlandsRotterdam
87%
42United StatesSeattle
86%
14United StatesWashington D.C.
86%
19ChinaGuangzhou
84%
40United StatesAtlanta
82%
39South KoreaBusan
76%
23ChinaShenzhen
75%
20ChinaTianjin
72%
47ChinaWuhan
66%
22JapanNagoya
58%
35ChinaChongqing
57%
46ChinaChengdu
53%
28ChinaSuzhou
21%

Score Distribution

Percentile by Number Answered

Percent of People with Each Score

Your Score History

You have not taken this quiz